| 000 | 00685nam a2200217Ii 4500 | ||
|---|---|---|---|
| 003 | JO-AjNU | ||
| 008 | 230605s9999||||xx |||||||||||||| ||und|| | ||
| 017 | _a1980/5482 | ||
| 020 | _a977-7322-35-6 | ||
| 040 |
_aJO-AjNU _bara _erda _cJO-AjNU |
||
| 041 | _aara | ||
| 050 | 1 | 4 | _aHM 24 1981 |
| 100 | 3 |
_aتأليف حسنين، جمال مجدي, _eauthor _936413 |
|
| 245 | 0 | 0 | _aمبادىء علم الاجتماع |
| 264 | 3 | 1 | _aالقاهرة: دار الثقافة للطباعة والنشر، 1981 |
| 300 | _a262ص | ||
| 336 |
_atext _btxt _2rdacontent |
||
| 337 |
_aunmediated _bn _2rdamedia |
||
| 338 |
_avolume _bnc _2rdacarrier |
||
| 650 | 4 |
_aعلم الاجتماع _936414 |
|
| 999 |
_aA15127 _c18695 _d18695 |
||